000 00620nam a22001817a 4500
005 20241111091711.0
008 241022b |||||||| |||| 00| 0 eng d
020 _a9786219674041
082 _aDFil 657.044 R571 2024
100 _aRobles, Nenita S.
_9835
245 _aThe intermediate accounting series :
_bvolume 3 /
_cNenita S. Robles and Patricia M. Empleo.
250 _a2024 edition,
_bvolume 3.
260 _aQuezon City :
_bPME Publishing Corporation,
_c©2024.
300 _aviii, 391 pages :
_billustrations ;
_c25 cm.
500 _aIncludes bibliography.
650 0 _aAccounting.
_963880
942 _2ddc
_cDFIL
999 _c22769
_d22769